La Biblia de la física y química / (Registro nro. 670)
[ vista simple ]
| 000 -LEADER | |
|---|---|
| fixed length control field | 02071nam a2200289Ia 4500 |
| 003 - CONTROL NUMBER IDENTIFIER | |
| control field | PE SENCICO BE |
| 005 - DATE AND TIME OF LATEST TRANSACTION | |
| control field | 20260218194812.0 |
| 008 - FIXED-LENGTH DATA ELEMENTS--GENERAL INFORMATION | |
| fixed length control field | 200515s9999 xx 000 0 und d |
| 020 ## - INTERNATIONAL STANDARD BOOK NUMBER | |
| International Standard Book Number | 9972-625-64-8 |
| 040 ## - CATALOGING SOURCE | |
| Original cataloging agency | PE SENCICO BE |
| Transcribing agency | PE SENCICO BE |
| 041 ## - LANGUAGE CODE | |
| Language code of text/sound track or separate title | spa |
| 082 ## - DEWEY DECIMAL CLASSIFICATION NUMBER | |
| Classification number | 541 |
| Item number | L5 |
| 110 1# - MAIN ENTRY--CORPORATE NAME | |
| Corporate name or jurisdiction name as entry element | Lexus editores |
| 9 (RLIN) | 88 |
| 245 10 - TITLE STATEMENT | |
| Title | La Biblia de la física y química / |
| Statement of responsibility, etc. | Lexus editores |
| 250 ## - EDITION STATEMENT | |
| Edition statement | [1a ed.] |
| 260 ## - PUBLICATION, DISTRIBUTION, ETC. | |
| Place of publication, distribution, etc. | Barcelona : |
| Name of publisher, distributor, etc. | Lexus ; |
| Date of publication, distribution, etc. | 2003 |
| 300 ## - PHYSICAL DESCRIPTION | |
| Extent | 1002 páginas : |
| Other physical details | ilustraciones a color, tablas, gráficos ; |
| Dimensions | 26 cm. |
| 505 0# - FORMATTED CONTENTS NOTE | |
| Formatted contents note | Física: magnitudes físicas -- Cinemática -- Estática y dinámica de la partícula -- Física de fluidos -- Trabajo y energía -- Dinámica de los sistemas de partículas -- Dinámica de rotación -- Energía térmica -- Termodinámica -- Movimiento vibratorio armónico simple -- Movimiento ondulatorio -- Óptica -- Campos gravitatorio y electrostático -- Capacidad y condensadores -- Corriente continua -- Electromagnetismo -- Inducción electromagnética -- Corriente alterna -- Electrónica -- La luz -- Física nuclear de baja energía -- Química: estados de agregación de la materia -- La transformación química -- Estructura atómica -- El sistema periódico -- El enlace químico -- Termoquímica -- Cinética química -- Ácidos y bases -- Reacciones REDOX -- Reacciones de precipitación y formación de complejos -- Descriptiva de los principales elementos representativos -- Metalurgia -- Métodos de la química analítica -- Química del carbono -- Hidrocarburos -- Compuestos orgánicos oxigenados -- Compuestos orgánicos halogenados y nitrogenados -- Lípidos, hidratos de carbono y proteínas -- Polímeros -- Formulación y nomenclatura inorgánica -- Formulación y nomenclatura orgánica -- Resolución de los ejercicios |
| 650 10 - SUBJECT ADDED ENTRY--TOPICAL TERM | |
| Topical term or geographic name entry element | Química |
| 9 (RLIN) | 268 |
| 650 20 - SUBJECT ADDED ENTRY--TOPICAL TERM | |
| Topical term or geographic name entry element | Física |
| 9 (RLIN) | 280 |
| 650 20 - SUBJECT ADDED ENTRY--TOPICAL TERM | |
| Topical term or geographic name entry element | Cinemática |
| 9 (RLIN) | 281 |
| 650 20 - SUBJECT ADDED ENTRY--TOPICAL TERM | |
| Topical term or geographic name entry element | Dinámica |
| 9 (RLIN) | 282 |
| 650 20 - SUBJECT ADDED ENTRY--TOPICAL TERM | |
| Topical term or geographic name entry element | Termodinámica |
| 9 (RLIN) | 259 |
| 650 20 - SUBJECT ADDED ENTRY--TOPICAL TERM | |
| Topical term or geographic name entry element | Electromagnetismo |
| 9 (RLIN) | 283 |
| 650 20 - SUBJECT ADDED ENTRY--TOPICAL TERM | |
| Topical term or geographic name entry element | Reacciones químicas |
| 9 (RLIN) | 284 |
| 942 ## - ADDED ENTRY ELEMENTS (KOHA) | |
| Koha item type | Libros |
| Source of classification or shelving scheme | Dewey Decimal Classification |
| Fecha de la última vez que lo usaron | Número de ingreso o de inventario | Pago total | Signatura topográfica completa | Código de barras | Precio efectivo desde | Tipo de documento | Estado perdido | Sistema de clasificación | Estado dañado | No es para préstamo | Retirado | Ubicación permanente | Ubicación actual | Fecha de adquisición |
|---|---|---|---|---|---|---|---|---|---|---|---|---|---|---|
| 15/05/2020 | 14123 | 541/L5 | BibLima25112564 | 15/05/2020 | Libros | Dewey Decimal Classification | Biblioteca Central Lima | Biblioteca Central Lima | 15/05/2020 |